000 00575nam a2200229Ia 4500
003 OSt
005 20220924150102.0
006 a|||||r|||| 00| 0
007 ta
008 220923b |||||||| |||| 00| 0 per d
024 _a331729
037 _cTextual
040 _aARTS
_cARTS
_bper
041 _2per
_aper
082 _aV45.J, 164L3
100 _aBayani Au.
_9221238
245 0 _aHasht maqala dar zamina-e-tareekh
260 _c1973
650 _aIRAN - HISTORY
942 _hV45.J, 164L3
_cTEXL
_2CC
999 _c462157
_d462157